00990cam a2200265 a 450000100100000000500170001000800410002702000150006804000180008308200190010110000390012024501100015926000280026930000280029749000220032550400510034765000410039865000390043965000320047883000310051091000340054104900090057595201230058499900170070700001168320260415212155.0000719s1997 ck a b 001 0 spa  a9589613721 aDO-SdBNPcDLC a658.3124bU74d1 aUrdaneta Ballén, Orlando.92768913aEl desarrollo de los recursos humanos en los procesos de apertura economica /cOrlando Urdaneta Ballén. aBogotá :b3R ,c1997. a202 p. :bil. ;c24 cm.1 aTemas gerenciales aIncluye referencias bibliográficas (201-202) 0aEmpleados xCapacitación de927690 0aAdministración de personal91581 4aApertura económica927691 0aTemas gerenciales ;927565 aCatalogación por copia / LC aBNGR 001052708MOaGRbGRcCTd2009-10-23iLF1l0o658.3124 U74dp11683-10r2020-06-25w2020-06-25y2ZPréstamo interno c11369d11369